| 000 | 00779cam a2200265 a 4500 | ||
|---|---|---|---|
| 001 | 1163883 | ||
| 005 | 20250127034111.0 | ||
| 008 | 961004s1997 enka b 001 0 eng | ||
| 020 | _a1856494284 | ||
| 040 |
_aDLC _cDLC _dDLC |
||
| 082 | 0 | 0 |
_a304.6 _26894 _bBAN |
| 100 | 1 | _aBandarage, A | |
| 245 | 1 | 0 |
_aWomen, Population and Global Crisis: _bA Political-Economic Analysis |
| 260 |
_aLondon _aNew Jersey _bZed Books, _c1997. |
||
| 300 | _axiii, 397 p. : | ||
| 650 | 0 | _aPopulation | |
| 650 | 0 | _aWomen | |
| 650 | 0 | _aBirth control | |
| 650 | 0 | _aPopulation policy | |
| 650 | 0 | _aEnvironment | |
| 650 | 0 | _aPolitical Economy | |
| 856 | 4 | 2 | _uhttp://www.loc.gov/catdir/description/hol055/96036915.html |
| 856 | 4 | 1 | _uhttp://www.loc.gov/catdir/toc/hol052/96036915.html |
| 942 | _cL | ||
| 999 |
_c5960 _d5960 |
||